Al-Gazali's Tahafut al-Falasifah (Incoherence of the philosophers) / (Record no. 32378)
[ view plain ]
| 000 -LEADER | |
|---|---|
| fixed length control field | 01499cam a2200349 a 4500 |
| 001 - CONTROL NUMBER | |
| control field | 32378 |
| 003 - CONTROL NUMBER IDENTIFIER | |
| rucl marc code | BD-RjUL |
| 005 - DATE AND TIME OF LATEST TRANSACTION | |
| control field | 20211209051827.0 |
| 008 - FIXED-LENGTH DATA ELEMENTS--GENERAL INFORMATION | |
| fixed length control field | 160730r19631958pk b 001 0 eng c |
| 035 ## - SYSTEM CONTROL NUMBER | |
| System control number | (OCoLC)6830525 |
| System control number | (BD-RjUL)32467 |
| 040 ## - CATALOGING SOURCE | |
| Original cataloging agency | BUF |
| Transcribing agency | BUF |
| Modifying agency | OCL |
| -- | OKS |
| -- | RRR |
| -- | DLC |
| -- | GZM |
| -- | UkOxU |
| -- | BD-RjUL |
| Language of cataloging | eng |
| 041 1# - LANGUAGE CODE | |
| Language code of text/sound track or separate title | eng |
| Language code of original | ara |
| 082 04 - DEWEY DECIMAL CLASSIFICATION NUMBER | |
| Classification number | 297.261 |
| Edition number | 22 |
| Author mark and year | GHA 1963 |
| 100 0# - MAIN ENTRY--PERSONAL NAME | |
| Personal name | Ghazzālī, |
| Dates associated with a name | 1058-1111. |
| 9 (RLIN) | 94832 |
| 245 10 - TITLE STATEMENT | |
| Title | Al-Gazali's Tahafut al-Falasifah (Incoherence of the philosophers) / |
| Statement of responsibility, etc. | translated into English by Sahih Ahmad Kamali. |
| 246 30 - VARYING FORM OF TITLE | |
| Title proper/short title | Tahafut al-Falasifah (Incoherence of the philosophers) |
| Title proper/short title | Incoherence of the philosophers |
| 260 ## - PUBLICATION, DISTRIBUTION, ETC. (IMPRINT) | |
| Place of publication, distribution, etc. | Lahore : |
| Name of publisher, distributor, etc. | Pakistan Philosophical Congress, |
| Date of publication, distribution, etc. | 1958 [impression1963] |
| 300 ## - PHYSICAL DESCRIPTION | |
| Pagination | viii, 267 p. ; |
| Size | 25 cm. |
| 490 1# - SERIES STATEMENT | |
| Series statement | Pakistan Philosophical Congress publication ; |
| Volume/sequential designation | no. 3 |
| 500 ## - GENERAL NOTE | |
| General note | "First published 1958"--Verso t.p. |
| 504 ## - BIBLIOGRAPHY, ETC. NOTE | |
| Bibliography, etc | Includes bibliographical references (p. 257-260) and index. |
| 650 #0 - SUBJECT ADDED ENTRY--TOPICAL TERM | |
| Topical term or geographic name as entry element | Islam and philosophy. |
| 9 (RLIN) | 96029 |
| 700 1# - ADDED ENTRY--PERSONAL NAME | |
| Personal name | Kamali, Sabih Ahmad. |
| 776 08 - ADDITIONAL PHYSICAL FORM ENTRY | |
| Relationship information | Online version: |
| Main entry heading | Ghazzālī, 1058-1111. |
| Uniform title | Tahāfut al-falāsifa. English. |
| Title | Al-Gazali's Tahafut al-Falasifah (Incoherence of the philosophers) |
| Place, publisher, and date of publication | Lahore : Pakistan Philosophical Congress, 1963 |
| Record control number | (OCoLC)654119280 |
| 830 #0 - SERIES ADDED ENTRY--UNIFORM TITLE | |
| Volume number/sequential designation | no. 3. |
| Uniform title | Publication (Pakistan Philosophical Congress) ; |
| 942 ## - ADDED ENTRY ELEMENTS (KOHA) | |
| Source of classification or shelving scheme | Dewey Decimal Classification |
| Koha item type | Books |
| Lost status | Source of classification or shelving scheme | Damaged status | Not for loan | Collection code | Permanent Location | Current Location | Shelving location | Date acquired | Source of acquisition | Cost, normal purchase price | Total Checkouts | Full call number | Date last seen | Copy number | Koha item type | Date checked out |
|---|---|---|---|---|---|---|---|---|---|---|---|---|---|---|---|---|
| Dewey Decimal Classification | Non-fiction | Central Library, University of Rajshahi | Central Library, University of Rajshahi | 08/04/1969 | Book House Lahore | 15.00 | 297.261 GHA 1963 | 26/04/2014 | C-9 | Books | ||||||
| Dewey Decimal Classification | Non-fiction | Central Library, University of Rajshahi | Central Library, University of Rajshahi | 08/04/1969 | Book House Lahore | 15.00 | 297.261 GHA 1963 | 26/04/2014 | C-10 | Books | ||||||
| Dewey Decimal Classification | Non-fiction | Central Library, University of Rajshahi | Central Library, University of Rajshahi | 08/04/1969 | Book House Lahore | 15.00 | 297.261 KAA 1963 | 26/04/2014 | C-8 | Books | ||||||
| Dewey Decimal Classification | Non-fiction | Central Library, University of Rajshahi | Central Library, University of Rajshahi | 02/01/1961 | S.M. Miraza Karachi | 10.00 | 297.261 GHA 1958 | 26/04/2014 | C-2 | Books | ||||||
| Dewey Decimal Classification | Non-fiction | Central Library, University of Rajshahi | Central Library, University of Rajshahi | 20/08/1968 | Pakistan, Book centre Korache | 15.00 | 2 | 297.261 GHA 1963 | 24/04/2018 | C-6 | Books | 16/04/2018 | ||||
| Dewey Decimal Classification | Non-fiction | Central Library, University of Rajshahi | Central Library, University of Rajshahi | 20/08/1968 | Pakistan, Book centre Korache | 15.00 | 1 | 297.261 GHA 1963 | 24/02/2022 | C-4 | Books | 20/02/2022 | ||||
| Dewey Decimal Classification | Non-fiction | Central Library, University of Rajshahi | Central Library, University of Rajshahi | 20/08/1968 | Pakistan, Book centre Korache | 15.00 | 297.261 GHA 1963 | 26/04/2014 | C-3 | Books | ||||||
| Dewey Decimal Classification | Non-fiction | Central Library, University of Rajshahi | Central Library, University of Rajshahi | 20/08/1968 | Pakistan, Book centre Korache | 15.00 | 297.261 GHA 1963 | 26/04/2014 | C-5 | Books | ||||||
| Dewey Decimal Classification | Not For Loan | Non-fiction | Central Library, University of Rajshahi | Central Library, University of Rajshahi | Reading Room | 20/08/1968 | Pakistan, Book centre Korache | 15.00 | 297.261 GHA 1963 | 30/07/2016 | C-1 | Books | ||||
| Dewey Decimal Classification | Non-fiction | Central Library, University of Rajshahi | Central Library, University of Rajshahi | 20/08/1968 | Pakistan book co. | 15.00 | 297.261 GHA 1963 | 17/11/2016 | C-7 | Books |